|
|
|
|
| LEADER |
00000nab a2200000 4500 |
| 001 |
vtls012055230 |
| 003 |
SK-MaSNL |
| 005 |
20260303095930.0 |
| 008 |
210521c2021 xo zr|p || ||00 c0ukr |
| 015 |
|
|
|a SNBRB2021/05
|
| 038 |
|
|
|a SVKPOCL
|
| 040 |
|
|
|a SVKPOCL
|b slo
|c SVKPOCL
|e rda
|
| 041 |
0 |
|
|a ukr
|
| 044 |
|
|
|a xo
|c SK
|
| 072 |
|
7 |
|a 821.161
|x Východoslovanské literatúry
|2 konspekt
|
| 080 |
|
|
|a 821.161.2-1
|2 2011
|
| 080 |
|
|
|a (477)
|2 2011
|
| 100 |
1 |
|
|a Malyško, Andrij Samijlovyč,
|d 1912-1970
|4 aut
|9 1089224
|
| 245 |
1 |
0 |
|a Poezija
|c Andrij Malyško
|
| 336 |
|
|
|a text
|b txt
|2 rdacontent
|
| 337 |
|
|
|a bez média
|b n
|2 rdamedia
|
| 338 |
|
|
|a zväzok
|b nc
|2 rdacarrier
|
| 500 |
|
|
|a Malyško, Andrij pozri Malyško, Andrij Samijlovyč
|
| 500 |
|
|
|a V rubrike Čy znajete vy ščo-
|
| 650 |
0 |
7 |
|a ukrajinské básne
|2 svkpocl
|9 857154
|
| 650 |
0 |
7 |
|a ukrajinská poézia
|2 SNKPH
|9 59029
|
| 650 |
0 |
7 |
|a ukrajinská literatúra
|2 SNKPH
|9 1218
|
| 655 |
|
7 |
|a ukrajinská poézia
|2 SNKPH
|9 70502
|
| 773 |
0 |
|
|t Veselka
|g Roč. 69, č. 6 (2020/2021), s. 3
|
| 852 |
|
|
|a SVKPO
|b KIS3GCP
|
| 958 |
|
|
|a SS
|
| 958 |
|
|
|a UA
|
| 958 |
|
|
|a LX
|
| 958 |
|
|
|a NM
|
| 999 |
|
|
|c 1827358
|d 1829288
|